000 00575nam a2200169 i 4500
001 101768
003 ES-MaACL
005 20230906182957.0
007 t|
008 051025s1917 sp ||||1| spa d
100 1 _aMelgar, Francisco (
_d1903-1971)
_979948
245 1 3 _aLa gran víctima
_b: conferencia pronunciada el día 22 de Marzo de 1917 en la Sociedad de Amigos de Francia y sus aliados /
_cFrancisco Melgar.
260 _aBarcelona :
_b[s.n.],
_c1917.
300 _a30 p. ;
_c19 cm.
650 0 4 _aGuerra mundial, 1914-1918.
_913212
852 _aES-MaACL
_j1549-F-10
999 _c101768
_d101768